| 000 | 00469nam a2200181Ia 4500 | ||
|---|---|---|---|
| 005 | 20250603144951.0 | ||
| 008 | 250603s9999 xx 000 0 und d | ||
| 020 | _a9789123123489775 | ||
| 050 | _aTP 373.8 .F66/ | ||
| 100 | _aGómez-García, Ricardo | ||
| 245 | 0 | _aFood byproducts management and their utilization | |
| 260 | _aPalm Bay | ||
| 260 | _bApple Academic Press | ||
| 260 | _c2024 | ||
| 300 | _axvii, 216p.: ill. | ||
| 650 | _aPalm Bay | ||
| 942 | _cBK | ||
| 999 |
_c40483 _d40483 |
||